00767nam a2200241 a 4500001001300000003000900013005001700022008004100039020002300080082002000103100002100123245008200144260004400226300001000270500003500280505001000315650002600325700002100351902000800372942000700380952012100387999001700508nice12345678IN_TiNIC20260116014725.0140128s2013 lona grp 000 0 eng  a0198090404 c85000a305.80954bROB1 aRobinson, Rowena aBoundaries of Religionb Essays on Christianity, Ethnic Conflict and Violence aLondan bOxford University Press c2013 a299p  aincludes index and biblioraphy2 aindex aEthnic Conflict-India1 aRobinson, Rowena bSRS cBK 001040708StackRoom-aHMIbHMId2014-01-28g850.00l0o305.80954 ROB1p024313r2014-01-28v850.00w2014-01-28yBK c16652d16652